000 00807nam a2200265 a 4500
001 15978
003 BD-RjUL
005 20211208235927.0
008 140211s1984 ilua b 001 0 eng
020 _a087094424X :
035 _a(BD-RjUL)16033
040 _aDLC
_cDLC
_dBD-RjUL
_beng
041 _aeng
082 0 0 _a332.63222
_219
_bSTO 1984
245 0 0 _aStock index futures /
_cedited by Frank J. Fabozzi .
260 _aHomewood, Ill. :
_bDow Jones-Irwin,
_cc1984.
300 _axv, 366 p. :
_bill. ;
_c24 cm.
504 _aIncludes bibliographical references and index.
650 0 _aStock index futures
_xHandbooks, manuals, etc.
_949499
700 1 _aFabozzi, Frank J.
_98027
700 1 _aKipnis, Gregory M.
_949500
942 _2ddc
_cBK
999 _c15978
_d15978